| 000 | 01464nam a22003497a 4500 | ||
|---|---|---|---|
| 003 | CHAP | ||
| 005 | 20220329135508.0 | ||
| 008 | 971013s r 00010 d | ||
| 010 | _a37555 | ||
| 011 | _a38527 | ||
| 035 | _a42647 | ||
| 040 | _cCHAP | ||
| 082 |
_a972.083 _bP3 |
||
| 110 |
_aPartido Revolucionario Institucional. México _985811 |
||
| 245 |
_aLópez Portillo _b: memoria de campaña |
||
| 260 |
_a(s.l.) : _bP.R.I., _c19- |
||
| 300 | _av. | ||
| 500 | _aLa biblioteca tiene: v.3 Tlaxcala, Puebla, Oaxaca, Chiapas.- v.4 Edo. de México, Michoacán, Guerrero, Morelos.- v.5 Quintana Roo, Yucatán, Campeche, Tabasco, Veracruz.- v.8 Distrito Federal y Zona Metropolitana.- Crónica Querétaro | ||
| 590 |
_aBATCH-UPD _b10 _c20130110 _lUCH01 _h1807 |
||
| 590 |
_aBATCH-UPD _b10 _c20130410 _lUCH01 _h1016 |
||
| 590 |
_aBATCH-UPD _b10 _c20130914 _lUCH01 _h1733 |
||
| 590 |
_aBATCH-UPD _b10 _c20161124 _lUCH01 _h1710 |
||
| 590 |
_aCONVERSION _b10 _c20130109 _lUCH01 _h1321 |
||
| 651 | 4 |
_aMéxico _xPolítica y gobierno. _976783 |
|
| 700 | 0 |
_aLópez Portillo Pacheco, José. _968239 |
|
| 901 | _aBK | ||
| 942 | _cLIBRO | ||
| 949 |
_a972.083 P3 _bBC _cLIBRO _d33724000141438 _eLIBRO _fv.5 _h39919 _i42647 _mD _si |
||
| 949 |
_a972.083 P3 _bBC _cLIBRO _d33724000141446 _eLIBRO _fv.4 _h39918 _i42647 _mD _si |
||
| 949 |
_a972.083 P3 _bBC _cLIBRO _d33724000141453 _eLIBRO _fv.8 _h39920 _i42647 _mD _si |
||
| 949 |
_a972.083 P3 _bBC _cLIBRO _d33724000141461 _eLIBRO _fQro. _h39921 _i42647 _mD _si |
||
| 999 |
_c37555 _d37555 |
||